Joba leh thufingte : hebrai te finna thu (Record no. 9183)

MARC details
000 -LEADER
fixed length control field 00497nam a22001817a 4500
003 - CONTROL NUMBER IDENTIFIER
control field GBCCL
005 - DATE AND TIME OF LATEST TRANSACTION
control field 20241126110707.0
008 - FIXED-LENGTH DATA ELEMENTS--GENERAL INFORMATION
fixed length control field 220425b ||||| |||| 00| 0 eng d
040 ## - CATALOGING SOURCE
Transcribing agency GBC
082 ## - DEWEY DECIMAL CLASSIFICATION NUMBER
Classification number 223.107
Item number BIA
100 ## - MAIN ENTRY--PERSONAL NAME
Personal name Biakmawia, C
9 (RLIN) 15989
245 ## - TITLE STATEMENT
Title Joba leh thufingte : hebrai te finna thu
260 ## - PUBLICATION, DISTRIBUTION, ETC.
Place of publication, distribution, etc. Aizawl :
Name of publisher, distributor, etc. Synod publication board,
Date of publication, distribution, etc. 1988
300 ## - PHYSICAL DESCRIPTION
Extent 186
440 ## - SERIES STATEMENT/ADDED ENTRY--TITLE
Title Thuthlung Hlui Hrilhfiahna
9 (RLIN) 15990
650 ## - SUBJECT ADDED ENTRY--TOPICAL TERM
Topical term or geographic name entry element Bible
Form subdivision Old Testament
General subdivision Job
9 (RLIN) 7644
942 ## - ADDED ENTRY ELEMENTS (KOHA)
Source of classification or shelving scheme Dewey Decimal Classification
Koha item type Books
Holdings
Withdrawn status Lost status Source of classification or shelving scheme Damaged status Not for loan Home library Current Library Shelving location Date acquired Total checkouts Full call number Barcode Date last seen Copy number Price effective from Koha item type
    Dewey Decimal Classification     GRACE BIBLE COLLEGE GRACE BIBLE COLLEGE Vernacular 2022-04-25   VER 223.107 BIA 014700 2025-05-01 v.2 2022-04-25 Books
© Grace Bible College Library 2025